[Event "Stay Safe Play From Home 266"]
[Site "Emanuel Lasker Arena"]
[Date "2020.06.30"]
[Round "3"]
[White "SoulofWolf"]
[Black "Patzeroglu"]
[Result "1-0"]
[WhiteElo "2201"]
[BlackElo "1888"]
[Annotator "TA"]
[PlyCount "97"]
[EventDate "2020.06.30"]
[EventType "swiss (blitz)"]

{[%evp 9,97,9,10,12,11,21,22,4,55,46,78,58,143,66,143,62,930,350,360,366,377,350,374,324,341,180,179,152,153,154,693,695,839,829,816,821,29996,822,797,788,1169,1140,1493,1454,1827,1649,1793,1672,1755,1755,1665,1636,1493,1489,1765,1382,1674,1569,2020,1446,1968,1618,5665,1741,2185,1264,2005,1946,29983,29984,29987,29988,29988,5795,5385,0,2021,483,1295,-984,1257,1212,1135,1138,1058,1056,952,8,1004,-29991]} 1. d4 Nf6 2. Nf3 e6 3. c4 Bb4+ 4. Nc3 a5 5. Qb3 O-O 6. a3 {E21: Nimzo-Indian: 4 Nf3.} Bxc3+ $1 7. Qxc3 b6 8. Bg5 {[#] The position is equal.} c6 $146 (8... Bb7 $11) ({Predecessor:} 8... Bb7 9. e3 d6 10. Nd2 Nbd7 11. f3 c5 12. Bd3 h6 13. Bh4 d5 14. O-O cxd4 15. exd4 dxc4 16. Nxc4 {½-½ (27) Jakovenko,D (2749)-Zhigalko,S (2616) Ankara 2018}) 9. e4 d5 10. e5 h6 (10... Ne4 $1 $14 11. Bxd8 Nxc3) 11. Bh4 (11. exf6 $16 hxg5 12. fxg7 Kxg7 13. h4) 11... g5 (11... Ne4 $14) 12. Nxg5 ({Reject} 12. exf6 $6 gxh4 13. g4 (13. Nxh4 Qxf6 14. Qg3+ Kh8 $11) 13... Kh8 $11) ({Better is} 12. Bxg5 $16 hxg5 13. exf6) 12... Nh7 $2 {[%mdl 8192]} (12... hxg5 $14 13. Bxg5 {[%mdl 64] Pin} Ne4 {[%mdl 64] Double Attack, Discovered Attack} 14. Bxd8 Nxc3) 13. Nf3 $2 (13. Nxh7 {White threatens Bf6 and mate.} Qxh4 14. Nf6+ Kg7 15. g3) 13... Qe8 14. Qd2 Kg7 15. Bd3 Nd7 16. b3 a4 17. Bxh7 (17. cxd5 $142 exd5 18. b4) 17... Kxh7 $18 18. bxa4 dxc4 19. O-O Rxa4 $2 (19... Rg8 $16 20. Rfb1 c5) 20. Qc2+ {[%mdl 64] Double Attack} Kg7 21. Qxa4 b5 22. Qc2 Nb6 23. Rae1 (23. Bf6+ $142 Kg8 24. Qe4 h5 25. Ng5 Qd7 26. Qh7#) 23... Nd5 24. Re4 {Intending Rg4+ and mate.} f5 25. exf6+ Rxf6 26. Bxf6+ Kxf6 27. Ne5 Ke7 28. Qd2 Kd6 29. Qxh6 Kc7 30. Qh3 Kb6 31. Qg3 c3 32. Rc1 Qf8 33. Nd3 Qxa3 34. Rf1 b4 35. Nc5 {Strongly threatening Qb8+.} Ba6 36. Rfe1 Kb5 37. Nxe6 Kc4 38. Nc7 Nxc7 39. Qxc7 Bb5 40. Qf7+ Kd3 41. R1e3+ (41. Qf3+ $142 Kc4 {[#]} 42. d5+ $1 {[%mdl 512]} Kb3 43. Qd1+ c2 44. R4e3+ {[%mdl 64] Skewer} Ka4 45. Rxa3+ bxa3 46. Qxc2+ {[%mdl 64] Double Attack} Ka5 47. Qc5 $1 {[%mdl 512]}) 41... Kc2 42. Re1 $2 (42. d5 $18 {aiming for dxc6.} Bd3 43. Qe7 {[%mdl 64] Decoy}) 42... Kb2 $2 {[%mdl 8192]} (42... Kd3 $11 43. Qf3+ Kc4 44. d5+ Kc5 45. Qe3+ Kd6 46. Rf4 Qa7 47. Qxa7 Be2 48. Rxe2 c5 49. Qe7+ Kxd5 50. Qe6#) 43. Qg6 (43. d5 $142 c5 44. d6) 43... c2 (43... Bd3 $142 44. R4e2+ c2 45. Rxc2+ Kxc2) 44. R4e2 $4 {[%mdl 8192]} (44. Qg5 $18) 44... Qc3 $4 {[%mdl 8192]} (44... Bxe2 $19 45. Qh6 Bd1) 45. Rxc2+ Qxc2 46. Qxc2+ Kxc2 47. f3 b3 48. g3 $2 ({White should play} 48. g4 $18 Kd2 49. Kf2) 48... b2 $2 {[%mdl 8192]} (48... Kc3 $11) 49. Re2+ $4 {[%mdl 40960] Black used his chance. Accuracy: White = 48%, Black = 30%. . Loss on time!?} (49. Kf2 $18 Bd3 50. Ke3) 1-0

[Event "Stay Safe Play From Home 266"]
[Site "Emanuel Lasker Arena"]
[Date "2020.06.30"]
[Round "3"]
[White "Fischer_11"]
[Black "Bardellosport"]
[Result "1-0"]
[WhiteElo "1990"]
[BlackElo "2006"]
[Annotator "NA"]
[PlyCount "151"]
[EventDate "2020.06.30"]
[EventType "swiss (blitz)"]

1. e4 {[%emt 0:00:00]} e6 {[%emt 0:00:01]} 2. d4 {[%emt 0:00:01]} d5 {[%emt 0:00:00]} 3. Nd2 {[%emt 0:00:00]} c6 {[%emt 0:00:00]} 4. c3 {[%emt 0:00:01]} f5 {[%emt 0:00:01]} 5. f3 {[%emt 0:00:01]} Nf6 {[%emt 0:00:01]} 6. exd5 {[%emt 0:00:01]} exd5 {[%emt 0:00:01]} 7. Ne2 {[%emt 0:00:01]} Be7 {[%emt 0:00:00]} 8. Nf4 {[%emt 0:00:01]} O-O {[%emt 0:00:01]} 9. Bd3 {[%emt 0:00:01]} h6 {[%emt 0:00:01]} 10. Ng6 {[%emt 0:00:01]} Rf7 {[%emt 0:00:01]} 11. Nxe7+ {[%emt 0:00:01]} Qxe7+ {[%emt 0:00:01]} 12. Qe2 {[%emt 0:00:01]} Qf8 {[%emt 0:00:02]} 13. O-O {[%emt 0:00:02]} Nbd7 {[%emt 0:00:01]} 14. Re1 {[%emt 0:00:01]} g5 {[%emt 0:00:01]} 15. Bxf5 {[%emt 0:00:02]} Nb6 {[%emt 0:00:02]} 16. Bc2 {[%emt 0:00:03]} Qg7 {[%emt 0:00:02]} 17. Qd3 {[%emt 0:00:02]} Bd7 {[%emt 0:00:02]} 18. Nf1 {[%emt 0:00:01]} Raf8 {[%emt 0:00:02]} 19. Ng3 {[%emt 0:00:01]} h5 {[%emt 0:00:01]} 20. Nf5 {[%emt 0:00:02]} Bxf5 {[%emt 0:00:01]} 21. Qxf5 {[%emt 0:00:00]} Ne4 {[%emt 0:00:00]} 22. Qe5 {[%emt 0:00:04]} Qxe5 {[%emt 0:00:02]} 23. dxe5 {[%emt 0:00:00]} Nc5 {[%emt 0:00:01]} 24. Bxg5 {[%emt 0:00:02]} Ne6 {[%emt 0:00:01]} 25. Bh4 {[%emt 0:00:02]} Nd7 {[%emt 0:00:01]} 26. Bg6 {[%emt 0:00:03]} Rg7 {[%emt 0:00:01]} 27. Bxh5 {[%emt 0:00:02]} Rf5 {[%emt 0:00:01]} 28. Bg4 {[%emt 0:00:01]} Rff7 {[%emt 0:00:02]} 29. Bxe6 {[%emt 0:00:01]} Kf8 {[%emt 0:00:01]} 30. Bxf7 {[%emt 0:00:01]} Kxf7 {[%emt 0:00:00]} 31. e6+ {[%emt 0:00:00]} Ke8 {[%emt 0:00:01]} 32. exd7+ {[%emt 0:00:01]} Kxd7 {[%emt 0:00:00]} 33. Re7+ {[%emt 0:00:01]} Rxe7 {[%emt 0:00:02]} 34. Bxe7 {[%emt 0:00:00]} Kxe7 {[%emt 0:00:00]} 35. c4 {[%emt 0:00:00]} Ke6 {[%emt 0:00:00]} 36. cxd5+ {[%emt 0:00:00]} Kxd5 {[%emt 0:00:00]} 37. Rd1+ {[%emt 0:00:01]} Kc5 {[%emt 0:00:01]} 38. h4 {[%emt 0:00:00]} b5 {[%emt 0:00:00]} 39. h5 {[%emt 0:00:00]} Kb6 {[%emt 0:00:00]} 40. h6 {[%emt 0:00:00]} a5 {[%emt 0:00:00]} 41. h7 {[%emt 0:00:00]} b4 {[%emt 0:00:00]} 42. h8=Q {[%emt 0:00:00]} Kb5 {[%emt 0:00:01]} 43. Qd4 {[%emt 0:00:01]} c5 {[%emt 0:00:00]} 44. Qd5 {[%emt 0:00:01]} Ka4 {[%emt 0:00:01]} 45. Qxc5 {[%emt 0:00:02]} b3 {[%emt 0:00:01]} 46. Qa3+ {[%emt 0:00:01]} Kb5 {[%emt 0:00:00]} 47. Qxb3+ {[%emt 0:00:01]} Kc5 {[%emt 0:00:01]} 48. Qa3+ {[%emt 0:00:00]} Kb5 {[%emt 0:00:02]} 49. Qxa5+ {[%emt 0:00:00]} Kxa5 {[%emt 0:00:01]} 50. Rd4 {[%emt 0:00:00]} Kb6 {[%emt 0:00:00]} 51. Re4 {[%emt 0:00:00]} Kc5 {[%emt 0:00:00]} 52. g3 {[%emt 0:00:00]} Kd5 {[%emt 0:00:00]} 53. b3 {[%emt 0:00:00]} Kd6 {[%emt 0:00:00]} 54. a3 {[%emt 0:00:00]} Kd5 {[%emt 0:00:00]} 55. Kf2 {[%emt 0:00:00]} Kd6 {[%emt 0:00:00]} 56. Ke3 {[%emt 0:00:00]} Kd7 {[%emt 0:00:00]} 57. f4 {[%emt 0:00:00]} Kd6 {[%emt 0:00:00]} 58. g4 {[%emt 0:00:00]} Kd7 {[%emt 0:00:00]} 59. b4 {[%emt 0:00:00]} Kc6 {[%emt 0:00:00]} 60. a4 {[%emt 0:00:00]} Kb6 {[%emt 0:00:01]} 61. Re5 {[%emt 0:00:00]} Kc7 {[%emt 0:00:01]} 62. Ke4 {[%emt 0:00:00]} Kd6 {[%emt 0:00:00]} 63. a5 {[%emt 0:00:00]} Kd7 {[%emt 0:00:00]} 64. b5 {[%emt 0:00:00]} Kc7 {[%emt 0:00:01]} 65. f5 {[%emt 0:00:00]} Kd7 {[%emt 0:00:00]} 66. Re6 {[%emt 0:00:00]} Kd8 {[%emt 0:00:01]} 67. g5 {[%emt 0:00:00]} Kd7 {[%emt 0:00:00]} 68. Kd5 {[%emt 0:00:00]} Kd8 {[%emt 0:00:00]} 69. Rg6 {[%emt 0:00:00]} Kd7 {[%emt 0:00:00]} 70. b6 {[%emt 0:00:01]} Ke8 {[%emt 0:00:00]} 71. a6 {[%emt 0:00:00]} Kf7 {[%emt 0:00:00]} 72. Kd6 {[%emt 0:00:00]} Ke8 {[%emt 0:00:00]} 73. Re6+ {[%emt 0:00:00]} Kf7 {[%emt 0:00:00]} 74. Re7+ {[%emt 0:00:00]} Kf8 {[%emt 0:00:00]} 75. Rb7 {[%emt 0:00:00]} Ke8 {[%emt 0:00:01]} 76. a7 {[%emt 0:00:00] Bardellosport abbandona (Lag: Av=0.43s, max=0.6s)} 1-0

[Event "Stay Safe Play From Home 266"]
[Site "Emanuel Lasker Arena"]
[Date "2020.06.30"]
[Round "3"]
[White "The Next Contender"]
[Black "Physikus"]
[Result "1-0"]
[WhiteElo "1894"]
[BlackElo "2075"]
[Annotator "TA"]
[PlyCount "57"]
[EventDate "2020.06.30"]
[EventType "swiss (blitz)"]

{[%evp 11,56,25,26,-4,3,0,4,-24,-32,-56,-16,-25,-25,-89,-83,-142,-141,-202,-202,-191,-195,-183,-149,-193,-188,-171,-103,-178,-149,-162,813,812,1496,1518,1586,1555,1402,1402,2245,1339,29991,29991,29991,29992,29995,29994,29999]} 1. d4 Nf6 2. c4 e6 3. g3 d5 4. Bg2 c6 5. Nf3 Be7 6. O-O O-O 7. Ne5 {E06: Closed Catalan: Early deviations.} Nbd7 8. Nxd7 Bxd7 9. Nc3 {[#] The position is equal.} dxc4 $146 ({Predecessor:} 9... Bd6 10. Bg5 h6 11. Bxf6 gxf6 12. e4 dxe4 13. Nxe4 Be7 14. Qh5 Kh7 15. Rad1 f5 {1-0 (53) Lobo Rodriguez,J (2261)-Marino Bravo,M Asturias 1997}) 10. a4 a6 11. a5 Bb4 12. Bd2 (12. Bg5 $11) 12... Bxa5 $17 13. e3 (13. Qa4 $142 Bb6 14. Qxc4) 13... b5 14. Qe2 (14. Ne4 $17 {might work better.} Bxd2 15. Nxf6+ gxf6 16. Qxd2) 14... Bb6 $19 15. Ne4 Nxe4 16. Bxe4 Qc8 17. Qh5 {[%csl Ge4][%cal Rh5h7] [#]} g6 18. Qh6 Ra7 (18... f5 $19 19. Bf3 Rf7) 19. Bc3 (19. Bb4 $17 {was worth a try.}) 19... f5 20. Bg2 c5 $4 {[%mdl 8192]} (20... a5 $19 21. d5 Rf7) 21. dxc5 $18 {[%csl Gc3][%cal Rh6g7]} Rf7 22. cxb6 Rb7 23. Rxa6 Rb8 24. b7 Qc7 25. Ra8 e5 26. Rxb8+ {White mates.} Qxb8 27. Ra1 Rf8 {[#]} 28. Ra8 $1 Qxb7 29. Rxf8# {Never resign too early! Accuracy: White = 49%, Black = 48%.} 1-0

[Event "Stay Safe Play From Home 266"]
[Site "Emanuel Lasker Arena"]
[Date "2020.06.30"]
[Round "3"]
[White "Buzaglo"]
[Black "Lazieri3"]
[Result "0-1"]
[WhiteElo "1829"]
[BlackElo "2073"]
[Annotator "TA"]
[PlyCount "20"]
[EventDate "2020.06.30"]
[EventType "swiss (blitz)"]

{[%evp 9,20,12,50,33,34,22,137,54,249,-188,-187,-29998,-29999]} 1. d4 c6 2. Nf3 d5 3. g3 Nf6 4. Bg2 Bf5 5. O-O Qc8 6. Nbd2 {D02: 1 d4 d5 2 Nf3 sidelines, including 2...Nf6 3 g3 and 2...Nf6 3 Bf4.} Bh3 7. c4 {[#]} h5 $146 {[#]} (7... Bxg2 $1 $11 {remains equal.} 8. Kxg2 e6) ({Predecessor:} 7... Bxg2 8. Kxg2 e6 9. Qc2 Nbd7 10. b3 Be7 11. Bb2 h5 12. h4 Ng4 13. Rh1 Qd8 {0-1 (42) Pusztay,B (2139)-Fodre,S (2228) Hungary 2003}) 8. cxd5 ({White should try} 8. Bxh3 $1 $16 Qxh3 9. Ng5) 8... h4 $2 ({Black should play} 8... Bxg2 $1 $14 9. Kxg2 cxd5) 9. Nxh4 $4 {[%mdl 8192]} (9. Bxh3 $18 {is the narrow road to win.} Qxh3 10. Qb3 (10. Nxh4 g5 $17)) 9... Rxh4 $19 10. gxh4 $2 {[#]} (10. Bxh3 $19 Rxh3 11. dxc6) 10... Qg4 $1 {[%mdl 576] Double Attack. Accuracy: White = 20%, Black = 45%.} 0-1

[Event "Stay Safe Play From Home 266"]
[Site "Emanuel Lasker Arena"]
[Date "2020.06.30"]
[Round "4"]
[White "Mepe_Nika"]
[Black "SoulofWolf"]
[Result "0-1"]
[WhiteElo "2348"]
[BlackElo "2206"]
[Annotator "TA"]
[PlyCount "122"]
[EventDate "2020.06.30"]
[EventType "swiss (blitz)"]

{[%evp 9,122,114,114,96,130,115,150,151,556,125,560,162,169,66,442,192,199,21,247,237,249,249,500,481,711,677,736,661,643,654,29999,287,297,277,309,304,302,264,262,64,322,231,234,170,164,166,168,170,179,172,257,74,201,111,156,131,180,161,294,298,297,302,316,243,638,315,422,381,374,370,448,372,403,166,167,166,333,259,484,484,484,484,481,445,416,87,460,315,606,-717,-625,-5106,-2495,-1547,-656,-2048,-1052,-5144,-1323,-4622,29979,-12796,-303,-7634,-5708,-2415,-345,-29992,-29992,-29993,-29994,-29994,-29990,-29997,-1476]} 1. d4 f6 2. e4 e6 3. c4 {[#]} c5 $146 ({Predecessor:} 3... c6 4. Nc3 Bb4 5. Qc2 Ne7 6. Bd3 c5 7. a3 Bxc3+ 8. bxc3 Nbc6 9. Ne2 b6 {0-1 (35) Balaram,M (931)-Vasquez,G (1183) LSS email 2010}) 4. d5 exd5 5. exd5 d6 6. Nc3 {A40: Unusual replies to 1 d4.} Ne7 7. Bd3 Ng6 8. Qh5 {White is clearly better.} Kf7 $2 (8... Qe7+ $16 9. Nge2 Qf7) 9. Nge2 $2 (9. Bxg6+ $18 hxg6 10. Qxh8) 9... Nd7 $2 {[%mdl 8192]} (9... Kg8 $16 {is more resistant.}) 10. O-O $2 (10. Bxg6+ hxg6 11. Qxh8) 10... Nde5 $18 11. Bc2 (11. Bxg6+ $1 $18 Nxg6 12. Nf4) 11... Nxc4 $2 {[%mdl 8192]} ({Black should try} 11... Kg8 $14 12. h3 Nxc4) 12. Nf4 (12. Bxg6+ $142 hxg6 13. Qxh8) 12... Kg8 13. Re1 $2 ({Much less strong is} 13. Nxg6 $6 hxg6 14. Qxg6 Bd7 $14) (13. Ne6 $18 Qe7 14. Re1) 13... Nce5 $2 (13... Nxf4 $11 {and Black has nothing to worry.} 14. Bxf4 Ne5) 14. Ne6 Bxe6 15. dxe6 Qe7 $2 (15... c4 16. Be3 b6) 16. f4 Nc4 (16... Nc6 $142 17. Nd5 Qd8 18. Bxg6 hxg6 19. Qxg6 Rh6 20. Qf7+ {[%mdl 64] Double Attack} Kh7) 17. Nd5 Qd8 18. Bxg6 hxg6 19. Qxg6 Qe8 20. Qxe8 $2 (20. Nxf6# {mates}) 20... Rxe8 21. e7 Rh5 22. exf8=Q+ Kxf8 23. Rxe8+ Kxe8 24. b3 $2 (24. Ne3 $18 Nxe3 25. Bxe3) 24... Na5 $2 {[%mdl 8192]} ({Better is} 24... Rxd5 $14 25. bxc4 Rd4) 25. Bd2 Rxd5 {[%mdl 4096] Endgame KRB-KRN} 26. Re1+ Kd7 27. Bxa5 {KRB-KR} b6 28. Bc3 Rd3 29. Ba1 Rd2 (29... d5 $142) 30. a4 $2 (30. h4 $18 {has better winning chances.}) 30... Ra2 (30... Rd3 $16 {is a better defense.}) 31. Rb1 (31. g4 $18) 31... Rd2 32. Bc3 Rd3 {[#]} 33. Be1 $1 Re3 (33... d5 $142 34. Kf2 d4) 34. Kf2 Re4 35. Bd2 f5 36. Be3 g5 $2 (36... d5 37. Bd2 d4) 37. Rd1 (37. fxg5 $142 Rh4 38. Kf3) 37... gxf4 38. Bd2 Rd4 39. Ke2 Re4+ 40. Kd3 Kc6 41. Bc3 (41. h4 $142) 41... Re3+ 42. Kc2 Re4 $2 (42... f3) 43. Rd2 b5 $2 (43... f3 44. g3 (44. gxf3 Rf4 $18) 44... f4) 44. axb5+ Kxb5 45. Rxd6 a5 46. Rd7 Re2+ 47. Bd2 $2 (47. Rd2 $18 {is the precise move to win.} Re4 48. Rf2) 47... Kc6 $2 {[%mdl 8192]} (47... Rxg2 $16 48. h4 Rg4) 48. Rf7 Re6 $2 (48... Rxg2 49. h4 Rh2 50. Rxf5 Rxh4 51. Bxa5 (51. Bxf4 Kb5 $14) 51... Rh2+ 52. Bd2 Rh3 53. Rxf4 Kd5) 49. Rf6 $4 {[%mdl 8192]} (49. Bxf4 $18 Re2+ 50. Kc3) 49... Rxf6 $19 {KR-KB} 50. Kc3 Re6 (50... Rg6 $142 51. Bxf4 Rxg2) 51. Bxf4 Kb5 (51... Re2 $142 52. g3 Rxh2) 52. Bd2 Re4 53. Kc2 Re7 (53... Re2 $142 54. Kc3 Rxg2) 54. Bc3 Rg7 $4 {[%mdl 8192]} (54... Re2+ $19 55. Kd1 Rxg2) 55. Bd2 $4 {[%mdl 8192]} (55. Bxg7 {is the narrow road to win.} Kc6 56. h4 Kd7 57. h5 Ke8 58. Bc3 Kf7 59. Bxa5 Ke6 60. Bb6) 55... Rg6 $2 (55... Rxg2 56. h4 c4 57. bxc4+ Kxc4) 56. Bc3 $2 (56. g3) 56... f4 57. Kd3 f3 $2 (57... Rxg2 58. Bf6 f3) 58. Ke4 $2 (58. gxf3 $19 Rg2 59. h4) 58... fxg2 {Black mates.} 59. h4 g1=Q 60. h5 {[#]} Qg3 $1 61. Kd5 Qg2+ {Accuracy: White = 24%, Black = 16%.} (61... Qf3+ $142 62. Ke5 Rf6 63. Be1 Qf5#) 0-1

[Event "Stay Safe Play From Home 266"]
[Site "Emanuel Lasker Arena"]
[Date "2020.06.30"]
[Round "4"]
[White "Lamborghini"]
[Black "Lazieri3"]
[Result "1-0"]
[WhiteElo "2324"]
[BlackElo "2079"]
[Annotator "TA"]
[PlyCount "91"]
[EventDate "2020.06.30"]
[EventType "swiss (blitz)"]

{[%evp 9,91,29,47,45,62,7,32,4,23,14,0,-41,-27,-101,-100,-102,-72,-70,63,83,77,0,331,332,431,461,450,177,627,606,589,503,565,568,554,356,335,331,383,372,493,347,558,518,1309,1291,1500,1477,1502,1208,1166,1131,29980,29981,29980,12837,2737,2001,1845,1590,3064,1911,12823,6208,29987,29986,29985,29986,29986,29987,29987,29988,29991,29992,29992,29993,29993,29994,29995,29996,29996,29996,29996,2047]} 1. e4 c6 2. d3 d5 3. Nd2 dxe4 4. dxe4 Nf6 5. Ngf3 Bg4 6. h3 {B10: Caro-Kann: 2 d3 and 2 c4.} Bh5 7. Qe2 ({White should play} 7. e5 $14 Nd5 8. c4) 7... e6 8. g3 {White is slightly better.} Be7 9. Bg2 Nbd7 {[#]} 10. e5 $146 ({Predecessor:} 10. O-O Bxf3 11. Nxf3 a5 12. Rd1 Qc7 13. Nd4 O-O 14. a4 Rfe8 15. b3 g6 16. Bb2 {½-½ (64) Bednar,M (2246)-Rabatin,J (2288) Czech Republic 2018}) 10... Nd5 11. c4 (11. O-O $11) 11... Nb4 $17 {[#] Threatens to win with ...Nc2+.} 12. O-O Nc2 13. Rb1 Bg6 (13... Nc5 $15 14. Rd1 Qd3 15. Qxd3 Nxd3) 14. Ne4 $36 {[%mdl 2048] White is on the roll.} Nc5 {[#]} 15. Rd1 (15. Nd6+ $1 $16 Bxd6 16. exd6) 15... Qc7 $2 {[%mdl 8192] Black is now going downhill.} (15... Bxe4 $11 {and Black has nothing to worry.} 16. Rxd8+ Rxd8) 16. Nd6+ $18 Bxd6 17. exd6 Qb6 {If only Black now had time for ...0-0....} 18. Nh4 $2 (18. Ne5) 18... Nb4 $2 (18... Nd4 19. Qe5 Bxb1) 19. Nxg6 hxg6 20. a3 Nba6 21. b4 Nd7 22. c5 Qd8 23. Be3 Nab8 24. b5 Nf6 25. a4 a6 $2 (25... Qc8 26. a5 Nd5) 26. bxc6 Nxc6 (26... bxc6 $142 27. Rb7 O-O) 27. Rxb7 Ne5 28. Bd4 Ned7 29. c6 O-O 30. cxd7 Rb8 31. Rxb8 Qxb8 32. Bxf6 gxf6 33. Qf3 Kg7 34. Qc6 Rd8 35. Bf3 Qa7 36. Qc7 Qb8 37. Qxb8 {White mates.} Rxb8 {[%mdl 4096] Endgame KRB-KR} 38. Rc1 Rd8 39. Rc7 f5 40. Bc6 e5 41. Rc8 Rxd7 42. Bxd7 Kf6 43. Bc6 Ke6 44. d7 Kd6 45. d8=Q+ Kc5 46. Be4+ {Accuracy: White = 51%, Black = 34%.} (46. Bd5+ $142 Kb4 47. Qb6+ {[%mdl 64] Double Attack} Kxa4 48. Rc5 g5 49. Qb3#) 1-0

[Event "Stay Safe Play From Home 266"]
[Site "Emanuel Lasker Arena"]
[Date "2020.06.30"]
[Round "4"]
[White "Haxhi Baha"]
[Black "Kubas"]
[Result "0-1"]
[WhiteElo "2080"]
[BlackElo "2383"]
[Annotator "TA"]
[PlyCount "104"]
[EventDate "2020.06.30"]
[EventType "swiss (blitz)"]

{[%evp 9,104,-6,0,-8,25,18,40,44,78,66,210,218,203,198,252,264,575,574,558,550,978,923,828,121,116,0,0,0,1,0,0,0,0,0,32,29,63,48,100,51,57,-90,-88,-81,-83,-54,0,0,0,0,33,-33,53,-52,5585,-81,-70,-86,-20,-70,-44,-646,-638,-775,-746,-688,-671,-1622,-1029,-29975,-29976,-29975,-29977,-29986,-29987,-29987,-29976,-29976,-29977,-29977,-29978,-29978,-29979,-29980,-29980,-29980,-29979,-29981,-29980,-29984,-29981,-29988,-29981,-29981,-29979,-29978,-29978]} 1. e4 e5 2. f4 Nc6 3. Nf3 exf4 4. d4 g5 5. h4 g4 6. Ne5 {C34: King's Gambit Accepted: 3 Nf3: 3...Nf6 and 3...d6.} Nxe5 7. dxe5 Bh6 8. Nc3 {[#] White is slightly better.} Ne7 $146 ({Predecessor:} 8... Qe7 9. Qd4 c6 10. Be2 Qe6 11. Bd2 f3 12. gxf3 Bxd2+ 13. Kxd2 Nh6 14. f4 Rg8 {1-0 (28) Meyer,G (1635)-Holtmann,D (1013) Lieme 2006}) 9. Qxg4 d6 (9... Rg8 $14 10. Qh5 Rg6) 10. Qh5 $18 Bg7 11. Bxf4 {aiming for 0-0-0.} Ng6 (11... c6 {is a better defense.} 12. Bc4 (12. exd6 Ng6 $16) 12... Ng6) 12. Bg5 f6 $2 (12... Qd7 {is a better chance.} 13. Nd5 O-O) 13. exf6 Bxf6 14. O-O-O O-O 15. Bc4+ Kh8 16. g4 $2 (16. Nd5 $18 {is more deadly.}) 16... Ne5 $16 17. Bxf6+ (17. Be2 $16) 17... Qxf6 $11 18. Be2 {Black should prevent Rhf1.} Bxg4 {[%mdl 64] [#] Decoy} 19. Bxg4 Qf4+ {[%mdl 64] Double Attack} 20. Kb1 Qxg4 21. Qh6 Qg6 22. Qd2 Rae8 23. h5 Qf6 (23... Qf7 $14) 24. h6 Nc4 25. Qd5 (25. Qd3 $14 {keeps the upper hand.} b5 26. a3) 25... Ne3 $1 $36 {[%csl LRd1,LRd5][%mdl 2048] White is under strong pressure.} 26. Qxb7 Nxd1 27. Rxd1 Qxh6 (27... Rb8 $15 28. Qc6 Rf7) 28. Qxc7 $11 Qg7 29. Qxd6 Rb8 30. e5 (30. a4 $14) 30... Qg5 (30... Rbe8 $15) 31. e6 (31. Ne4 $1 $14 Qg6 32. Qd5) 31... Rbd8 $2 {[%mdl 8192] [#]} (31... Rfd8 $15 32. Qa3 Rxd1+ 33. Nxd1 Rd8) 32. Qc7 $2 (32. e7 $1 $18 {[%mdl 512]} Qxe7 33. Qxe7 Rxd1+ 34. Nxd1) 32... Rxd1+ $17 33. Nxd1 {[%mdl 4096] Endgame KQR-KQN} Re8 (33... Rd8 $17 {[%cal Rd8d1]} 34. Qc3+ Kg8) 34. Qc3+ Qg7 {Threatens to win with ...Qxc3.} 35. a3 $2 {[%mdl 8192] Black continues to play with concentration.} (35. Qf3 $15) 35... Qxc3 $19 36. Nxc3 Rxe6 {KR-KN} 37. Nd5 h5 {Strongly threatening ...h4.} 38. Ka2 h4 39. c4 h3 {Black mates.} 40. Nf4 Rh6 41. Ne2 h2 42. Ng3 h1=Q 43. Nxh1 Rxh1 {KR-K3P} 44. b4 Kg7 45. c5 Kf6 46. Kb3 Ke6 47. Kc4 Kd7 48. Kb5 Kc7 49. a4 Rh6 50. Ka5 Kb7 51. b5 Rh5 52. c6+ Kb8 {Accuracy: White = 51%, Black = 52%.} 0-1